Noem alle bijzonderheden over de provincie Groningen - Statistieken

Algemene statistieken
  • Deze quiz is 10 keer genomen
    9 sinds de laatste reset
  • De gemiddelde score is 4 van 16
Antwoordstatistieken
Hint Antwoord % Correct
G Groningen
78%
M Martini toren
78%
A Aardbeving
44%
B Bourtange
44%
D Delfzijl
44%
G Grote markt
33%
L Lauwersmeer
22%
L Loppersum
22%
W Waddenzee
22%
A Aardgas
11%
E Eemshaven
11%
H Haren
11%
O Ommelanden
11%
T Ter Apel
11%
G Groninger
0%
H Hortus
0%
Geen overeenkomende quizzen gevonden
Scoreverdeling
Procent van Mensen met Elke Score
Percentiel versus Aantal Correcte Antwoorden
Uw Scoregeschiedenis
U heeft deze quiz nog niet genomen sinds de laatste reset